000 01234cam a2200277 4500
001 ABS64902
008 020109n2001 000 0 eng u
035 _a(Sirsi) u116194
100 _aCrow, P.
245 _aPreservation or destruction?
260 _c2001
490 _aForestry & British Timber
_v31(1) January 2002, 14-16(3)
520 _aGives overview of work undertaken by Forest Research's Environmental Research Branch. Concentrates on their study of the preservation of the many types of archaeological sites in woodland environments. Notes that in England there is a very high density of monuments at about two per square kilometre. Discusses different ways in which the archaeological sites can be preserved and stresses importance of accurate surveying and mapping of relevant areas to avoid damage. With further information and contacts.
590 _aABS
650 _aFORESTRY
650 _aFORESTRY INDUSTRY
650 _aNATURE CONSERVATION
650 _aFOREST RESEARCH
650 _aMAPPING
650 _aARCHAEOLOGY
650 _aLand use
_96251
650 _aTREE MAINTENANCE
690 _aENVIRONMENTAL AND LAND CONSULTANCY-ENVIRONMENTAL MANAGEMENT
700 _aYarnell, T.
942 _n0
999 _c69221
_d69221